| 000 | 00616nam a2200265Ia 4500 | ||
|---|---|---|---|
| 005 | 20260121170458.0 | ||
| 008 | 008 260114s9999 xx 000 0 eng d | ||
| 020 | _a9781137561886 | ||
| 037 | _aEBOOK | ||
| 040 | _aCRL | ||
| 040 | _beng | ||
| 040 | _cCRL | ||
| 041 | _2eng | ||
| 041 | _aeng | ||
| 084 | _qCRL | ||
| 100 |
_aBrian Cliff _91064387 |
||
| 245 | 0 | _aIrish Crime Fiction | |
| 260 | _bSpringer | ||
| 260 | _bSpringer | ||
| 260 | _c2018 | ||
| 856 | _uhttps://link.springer.com/openurl?genre=book&isbn=978-1-137-56188-6 | ||
| 942 | _cEBOOK | ||
| 999 |
_c1630116 _d1630116 |
||